00796nam a2200241 a 450000100060000000300080000600500170001400800410003103500190007204000310009104100080012208200260013010000200015624500970017626000450027330000240031849000360034250400410037865000140041970000400043370000450047383000360051869378BD-RjUL20211209081858.0170411s1964 ii b 001 0 eng d a(BD-RjUL)69589 aDLC/ICUcICUdBD-RjULbeng aeng00223a514.322bDUE 19641 aDutta, Mahadev.10aElements of general topology /cby Mahadev Dutta, Lokenath Debnath and Tarun Kumar Mukherjee aCalcutta :bWorld Press Private,cc1964. ax, 187 p. ;c22 cm. aElements of mathematics,vNo. 1 aIncludes bibliographies and indexes. 0aTopology. aDebnath, Lokenath.q[Joint author]. aMukherjee, Tarun Kumar.q[Joint author]. aElements of mathematics,vNo. 1